El cerco de Numancia (Registro nro. 453)

Detalles MARC
000 -CABECERA
Longitud fija campo de control 00678nam a22002291i 4500
001 - NÚMERO DE CONTROL
Número de control bimo0000659007
003 - IDENTIFICADOR DELl NÚMERO DE CONTROL
Identificador del número de control OSt
005 - FECHA Y HORA DE LA ÚLTIMA TRANSACCIÓN
Fecha y hora de la última transacción 20130607171202.0
008 - CÓDIGOS DE INFORMACIÓN DE LONGITUD FIJA
Códigos de información de longitud fija 900725s1978 sp spa
017 ## - NÚMERO DE COPYRIGHT O DE DEPÓSITO LEGAL
Número de copyright o de depósito legal M 20223-1978
Agencia que asigna el número Oficina Depósito Legal Madrid
020 ## - NÚMERO INTERNACIONAL NORMALIZADO PARA LIBROS
Número Internacional Normalizado para Libros (ISBN) 84-239-0774-0
035 ## - NÚMERO DE CONTROL DEL SISTEMA
Número de control del sistema (OCoLC)431281462
040 ## - FUENTE DE LA CATALOGACIÓN
Centro catalogador de origen SpMaBN
Centro transcriptor BMC
082 ## - NÚMERO DE LA CLASIFICACIÓN DECIMAL DEWEY
Númeroo de clasificación 862.3
100 ## - PUNTO DE ACCESO PRINCIPAL-NOMBRE DE PERSONA
9 (RLIN) 106
Nombre de persona Cervantes Saavedra, Miguel
Fechas asociadas al nombre 1547-1616
-- Crítica e interpretación
245 13 - MENCIÓN DE TÍTULO
Título El cerco de Numancia
Resto del título ; El gallardo español
Mención de responsabilidad, etc. Miguel de Cervantes Saavedra
250 ## - MENCIÓN DE EDICIÓN
Mención de edición 5ª ed
260 0# - PUBLICACIÓN, DISTRIBUCIÓN, ETC. (PIE DE IMPRENTA)
Lugar de publicación, distribución, etc. Madrid
Nombre del editor, distribuidor, etc. Espasa-Calpe
Fecha de publicación, distribución, etc. 1978
300 ## - DESCRIPCIÓN FÍSICA
Extensión 149 p.
Dimensiones 18 cm
490 0# - MENCIÓN DE SERIE
Mención de serie Austral
Designación de volumen o secuencia 774
942 ## - ENTRADA DE ELEMENTOS AGREGADOS (KOHA)
Fuente de clasificaión o esquema Dewey Decimal Classification
Koha [por defecto] tipo de item 1- Monografias
Existencias
Suprimido Perdido Fuente de clasificación o esquema Estropeado Restricciones de uso No para préstamo Código de colección Localización permanente Localización actual Localización en estanter&íacute;as Fecha adquisición Fuente de adquisición Número de inventario Préstamos totales Signatura completa Código de barras Fecha última consulta Coste, precio reemplazado Fecha del precio de reemplazo Tipo de item de Koha
NULL NULL Dewey Decimal Classification NULL Prestable NULL NULL Biblioteca Miguel de Cervantes - UNICAES Biblioteca Miguel de Cervantes - UNICAES Sala Principal 16/05/2013 Donación - Marco René Revelo 000451   T CER cer 1000451 16/05/2013 9.00 16/05/2013 1- Monografias